A regionális önkormányzati rendszer Olaszországban

Elmentve itt :
Bibliográfiai részletek
Szerző: Gyovai D. Helén
További közreműködők: Soós Edit (Témavezető)
Dokumentumtípus: Szakdolgozat
Megjelent: 2003
Tárgyszavak:
Online Access:http://diploma.bibl.u-szeged.hu/32884
LEADER 00568nta a2200157 i 4500
001 dipl32884
005 20130314093005.0
008 110718s2003 hu om 0|| zxx d
040 |a SZTE Diploma Repozitórium  |b hun 
041 |a zxx 
100 2 |a Gyovai D. Helén 
245 1 2 |a A regionális önkormányzati rendszer Olaszországban  |h [elektronikus dokumentum] /  |c Helén Gyovai D. 
260 |c 2003 
650 4 |a Jogi és igazgatási tanulmányok 
700 1 |a Soós Edit  |e ths 
856 4 0 |u http://diploma.bibl.u-szeged.hu/id/eprint/32884/1/2003_gyovai_d_helen_152.pdf  |z Dokumentum-elérés